Responses for Show #6434 - Thursday, August 2, 2012

2012 Kids Week game 4.

Contestants

[<< previous game]

Katie O'Meara, an 11-year-old from Plano, Texas

Alex Johnson, an 11-year-old from Indianapolis, Indiana

Larkin Breitner, an 11-year-old from Fleming Island, Florida

[next game >>]

Jeopardy! Round responses

THAT'S OUR ISLAND
(Alex Trebek: You have to identify the country.)
IN CASE YOU'RE THIRSTY
LET'S GO ONLINE
I LIKE TO READ
WHAT KIND OF MOVIE?
ADD A LETTER
    $200 20
Italy

Alex
    $200 15
Gatorade

Alex
    $200 13
Cartoon Network

Larkin
    $200 1
[ERRATUM: Lincoln Peirce's name was misspelled in the clue.]

Nate

Alex
    $200 4
a musical

Alex
    $200 2
drive

Alex
    $400 21
Japan

Alex
    $400 16
Sprite

Alex
    $400 14
Club Penguin

Larkin
    $400 9
Camp Half-Blood

Alex
    $400 8
drama

Alex
    $400 3
swarm

Larkin
    $600 22
Greece

Alex
    $2,500 17
water

Alex
    $600 25
Build-A-Bear

Larkin
    $600 10
Great Expectations

Alex
    $600 26
a comedy

Alex
    $600 5
pedal

Alex
    $800 23
Canada

Triple Stumper
    $800 18
Coca-Cola

Alex
    $800 27
Neopets

Larkin
    $800 11
Sherlock Holmes

Larkin
    $800 28
(Larkin: What is 3-D?)

action

Larkin
Triple Stumper
    $800 6
lair

Alex
    $1000 24
(Alex Johnson: What is Ireland?)

England

Alex
Triple Stumper
    $1000 19
V8

Alex
    $1000 29
Moshi Monsters

Katie
    $1000 12
Journey

Alex
    $1000 30
fantasy

Triple Stumper
    $1000 7
prank

Katie

Scores at the first commercial break (after clue 15):

Larkin Alex Katie
$1,800 $4,600 $1,000

Scores at the end of the Jeopardy! Round:

Larkin Alex Katie
$2,400 $10,100 $2,000

Double Jeopardy! Round responses

GENERAL SCIENCE
CHILDISH WORDS
ART CLASS
THE 1910s
TIME FOR VIDEO GAMES?
DO YOUR "HOME" WORK
    $400 24
foot

Alex
    $400 9
Babe

Triple Stumper
    $400 16
paintbrushes

Alex
    $400 12
the World Series

Alex
    $400 4
football

Katie
    $400 1
"Home On The Range"

Alex
    $4,000 25
Celsius

Alex
    $800 10
(Katie: What is J.V.?)
(Alex Trebek: No.)
(Katie: [*] varsity?)

junior

AlexKatie
    $800 17
finger painting

Alex
    $800 15
Tarzan

Triple Stumper
    $800 5
(Katie: What is robbery?)

piracy (pirating accepted)

AlexKatie
    $800 2
home fries

Alex
    $1200 26
convex

Alex
    $1200 11
youth

Larkin
    $1200 18
sketch

Katie
    $1200 21
prisoners

Alex
    $1200 8
(Alex Johnson: Who is Rip Van Winkle?)

the Headless Horseman

Alex
Triple Stumper
    $1200 3
homeschool

Larkin
    $1600 27
Mesozoic Era

Alex
    $1600 13
minor

Triple Stumper
    $1,500 19
landscape

Katie
    $1600 22
knighthood (knightship accepted)

Alex
    $1600 29
Clank

Triple Stumper
    $1600 6
a home page

Alex
    $2000 28
iron

Alex
    $2000 14
kid

Triple Stumper
    $2000 20
a paint roller

Alex
    $2000 23
Death Valley

Larkin
    $2000 30
Katamari

Triple Stumper
    $2000 7
Home Depot

Larkin

Scores at the end of the Double Jeopardy! Round:

Larkin Alex Katie
$8,800 $28,900 $3,500
(lock game)

[wagering suggestions for these scores]

Final Jeopardy! Round responses

BOOK SERIES
KatieWho is Aslum Aslum?
$3,500
LarkinWho is ???
$5,000
AlexWho is Sc
$11,300
Toto

Final scores:

Larkin Alex Katie
$3,800 $17,600 $0
2nd place: $2,000 Winner: $17,600 3rd place: $1,000

Game dynamics:

Coryat scores:

Larkin Alex Katie
$8,800 $23,800 $3,600
10 R,
1 W
34 R
(including 2 DDs),
2 W
5 R
(including 1 DD),
2 W

Combined Coryat: $36,200

[game clues] [game scores] [suggest correction]

Game tape date: 2012-03-05
The J! Archive is created by fans, for fans. Scraping, republication, monetization, and malicious use prohibited; this site may use cookies and collect identifying information. See terms. The Jeopardy! game show and all elements thereof, including but not limited to copyright and trademark thereto, are the property of Jeopardy Productions, Inc. and are protected under law. This website is not affiliated with, sponsored by, or operated by Jeopardy Productions, Inc. Join the discussion at JBoard.tv.